书目信息 |
| 题名: |
绘画透视知识
|
|
| 作者: | 陆仰豪 编著 | |
| 分册: | ||
| 出版信息: | 上海 上海人民出版社 1976 |
|
| 页数: | 92页 | |
| 开本: | 19cm | |
| 丛书名: | 工农兵美术技法丛书 | |
| 单 册: | ||
| 中图分类: | J206.2 | |
| 科图分类: | ||
| 主题词: | 绘画透视--知识 | |
| 电子资源: | ||
| ISBN: | ||
| 000 | 00639nam2 2200241 45 | |
| 001 | 0176002571 | |
| 005 | 20060805083411.87 | |
| 010 | @dCNY0.22 | |
| 100 | @a19950926d1976 em y0chiy0121 ea | |
| 101 | 0 | @achi |
| 102 | @aCN@b310000 | |
| 105 | @af z 000yy | |
| 200 | 10 | @a绘画透视知识@AHui Hua Tou Shi Zhi Shi@f陆仰豪编著 |
| 210 | @a上海@c上海人民出版社@d1976 | |
| 215 | @a92页@d19cm | |
| 225 | 2 | @a工农兵美术技法丛书 |
| 410 | 0 | @120010@a工农兵美术技法丛书 |
| 606 | @a绘画透视@x知识 | |
| 690 | @aJ206.2@v3 | |
| 701 | 0 | @a陆仰豪@ALu Yang Hao@4编著 |
| 801 | 2 | @aCN@bNLC@c20060805 |
| 801 | 0 | @aCN@bTSSF |
| 905 | @a10447@dJ206.2@e356 | |
| 绘画透视知识/陆仰豪编著.-上海:上海人民出版社,1976 |
| 92页;19cm.-(工农兵美术技法丛书) |
| ISBN :CNY0.22 |
| ● |
| 相关链接 |
|
|
|
|
正题名:绘画透视知识
索取号:J206.2/356
 
预约/预借
| 序号 | 登录号 | 条形码 | 馆藏地/架位号 | 状态 | 备注 |
| 1 | 0444762 | 204447624 | 密集书库/ [索取号:J206.2/356] | 在馆 |